La investigación en las ciencias jurídicas (Registro nro. 312624)

Detalles MARC
000 -ENCABEZADO
Número de control [NR] 00732nam a2200217Ia 4500
005 - FECHA Y HORA DE LA ÚLTIMA TRANSACCIÓN
control field 20210713144657.0
008 - DE LONGITUD FIJA DE DATOS DE ELEMENTOS - INFORMACIÓN GENERAL
Elementos de longitud fija [NR] 190523s2006 pe gr spa d
020 ## - NUMERO INTERNACIONAL NORMALIZADO PARA LIBROS [R]
Número Internacional Normalizado del libro [NR] 9972626274121
040 ## - FUENTE DE CATALOGACION [NR]
Agencia de catalogación original [NR] Co-BoUCM
Idioma de catalogación [NR] spa
Quien Cataloga Saul Niño
Quien Clasifica Saul Niño
041 00 - CODIGO DE IDIOMA [R]
Código de idioma para texto/pista de sonido o título separado [R] Español
100 1# - ASIENTO PRINCIPAL--NOMBRE PERSONAL [NR]
Nombre personal [NR] Moisset de Espanés, Luis
ID Autoridad 2361
245 13 - MENCION DE TITULO [NR]
Título [NR] La investigación en las ciencias jurídicas
Mención de responsabilidad, etc. [NR] Luis Moisset de Espanés
250 ## - MENCION DE EDICION [NR]
Mención de edición [NR] Segunda edición
260 ## - PUBLICACION, DISTRIBUCION, ETC. (PIE DE IMPRENTA) [R]
Lugar de publicación, distribución, etc. [R] Perú
Nombre del editor, distribuidor, etc. [R] ARA Editores
Fecha de publicación, distribución, etc. [R] 2006
650 04 - ASIENTO SECUNDARIO DE MATERIA - TERMINO TEMATICO [R]
Término temático o nombre geográfico como elemento de entrada [NR] Derecho
Subdivisión general [R] Investigaciones
9 (RLIN) 34555
650 04 - ASIENTO SECUNDARIO DE MATERIA - TERMINO TEMATICO [R]
Término temático o nombre geográfico como elemento de entrada [NR] Investigación
9 (RLIN) 17968
650 04 - ASIENTO SECUNDARIO DE MATERIA - TERMINO TEMATICO [R]
Término temático o nombre geográfico como elemento de entrada [NR] Metodología científica
9 (RLIN) 19434
650 04 - ASIENTO SECUNDARIO DE MATERIA - TERMINO TEMATICO [R]
Término temático o nombre geográfico como elemento de entrada [NR] Teoría del derecho
9 (RLIN) 25308
942 ## - ELEMENTOS DE ENTRADA AGREGADOS (KOHA)
Tipo de ítem principal el descrito en 300a Libro
Tema principal Generalidades
Edición 2
Parte restante de la signatura top. M714in
Sistema de clasificación DEWEY
Clasificación 001.42
Título oculto en OPAC No
Existencias
Total préstamos Signatura topográfica Código de barras Última vez visto Volúmen / Fascículo Ejemplar Costo de reposición Price effective from Tipo de ítem Perdido Sistema de clasificación Dañado No prestable Tipo de ítem específico Suprimido Ubicación habitual Ubicación actual Localización Fecha de creación Proveedor Forma de adquisición Costo
  001.42 M714i 100160160 09/12/2024 2a.Ed. Ej.1 26000.00 03/05/2019 Libro   DEWEY     Libro   BodegaJK Claustro Préstamo 2 días después de solicitado 03/05/2019 12 Donación 0.00